000 00782nam a2200277Ia 4500
003 OSt
005 20221006153313.0
006 a|||||r|||| 00| 0
007 ta
008 221006b |||||||| |||| 00| 0 kor d
020 _cW 9,000
024 _a31,941
037 _bGift, Korean Embassy
_cTextual
040 _aEASL
_cEASL
_bkor
041 _2kor
_akor
082 _aY11:3941, 495P4
100 _aYOON Jong-Mo Au.
_9663375
245 0 _aHengbokhan aee songkonghan-neun aee
260 _aSeoul
_bJeong Sinkyesa Korea
_c2004
300 _a223p+various
_ccm.
490 _v KL
650 _a KL
650 _aChildren psychology
_9663376
942 _hY11:3941, 495P4
_cTEXL
_2CC
999 _c1100027
_d1100027